00537nam a2200157Ia 4500008004100000041001200041082001100053100001100064245011400075260000600189650000600195700001400201942000700215999001700222952014000239221030s9999 xx 000 0 und d aEnglish a105.23 aA. Sen 2aA variety of plasma -prooceering of the 1989 international conference on plasma physicscby A. Sen, P. K. Kaw c0 aB aP. K. Kaw cBK c11678d11678 pB 309l0o105.23 r2022-10-30 00:00:00w2022-10-30yBK003Print4070aMIETLIBbMIETLIBcBL-, FL-, CUP-0, SH-0, R-0d2012-06-1210HBE